Oscar for Best Actress in a Supporting Role - Statistics

General Stats
  • This quiz has been taken 601 times
    565 since last reset
  • The average score is 41 of 82
Answer Stats
Year Movie Actress % Correct
2012 Les Misérables Anne Hathaway
91%
1979 Kramer vs. Kramer Meryl Streep
89%
2016 Fences Viola Davis
86%
2004 The Aviator Cate Blanchett
84%
2008 Vicky Cristina Barcelona Penélope Cruz
84%
1990 Ghost Whoopi Goldberg
84%
1999 Girl, Interrupted Angelina Jolie
83%
1998 Shakespeare in Love Judi Dench
81%
2002 Chicago Catherine Zeta-Jones
80%
1988 The Accidental Tourist Geena Davis
80%
2006 Dreamgirls Jennifer Hudson
77%
2003 Cold Mountain Renée Zellweger
75%
1997 L.A. Confidential Kim Basinger
74%
2011 The Help Octavia Spencer
74%
2014 Boyhood Patricia Arquette
73%
1992 My Cousin Vinny Marisa Tomei
71%
2017 I, Tonya Allison Janney
70%
1982 Tootsie Jessica Lange
70%
2013 12 Years a Slave Lupita Nyong'o
70%
1993 The Piano Anna Paquin
69%
1978 California Suite Maggie Smith
69%
1973 Paper Moon Tatum O'Neal
66%
2015 The Danish Girl Alicia Vikander
65%
2001 A Beautiful Mind Jennifer Connelly
65%
2009 Precious Mo'Nique
65%
2005 The Constant Gardener Rachel Weisz
65%
1974 Murder on the Orient Express Ingrid Bergman
62%
1995 Mighty Aphrodite Mira Sorvino
62%
1987 Moonstruck Olympia Dukakis
62%
1960 Elmer Gantry Shirley Jones
62%
2007 Michael Clayton Tilda Swinton
61%
1996 The English Patient Juliette Binoche
60%
1983 The Year of Living Dangerously Linda Hunt
60%
1961 West Side Story Rita Moreno
60%
1969 Cactus Flower Goldie Hawn
59%
1985 Prizzi's Honor Anjelica Huston
57%
1994 Bullets over Broadway Dianne Wiest
57%
1986 Hannah and Her Sisters Dianne Wiest
57%
2010 The Fighter Melissa Leo
56%
1939 Gone With the Wind Hattie McDaniel
51%
2000 Pollock Marcia Gay Harden
50%
1977 Julia Vanessa Redgrave
50%
1989 My Left Foot Brenda Fricker
48%
1962 The Miracle Worker Patty Duke
45%
1965 A Patch of Blue Shelley Winters
45%
1959 The Diary of Anne Frank Shelley Winters
45%
1970 Airport Helen Hayes
44%
1954 On the Waterfront Eva Marie Saint
43%
1951 A Streetcar Named Desire Kim Hunter
43%
1971 The Last Picture Show Cloris Leachman
42%
1991 The Fisher King Mercedes Ruehl
40%
1968 Rosemary's Baby Ruth Gordon
39%
1980 Melvin and Howard Mary Steenburgen
38%
1953 From Here to Eternity Donna Reed
36%
1981 Reds Maureen Stapleton
36%
1967 Bonnie and Clyde Estelle Parsons
35%
1975 Shampoo Lee Grant
35%
1984 A Passage to India Peggy Ashcroft
35%
1966 Who's Afraid of Virginia Woolf? Sandy Dennis
33%
1976 Network Beatrice Straight
31%
1947 Gentleman's Agreement Celeste Holm
31%
1946 The Razor's Edge Anne Baxter
30%
1958 Separate Tables Wendy Hiller
30%
1942 Mrs. Miniver Teresa Wright
29%
1963 The V.I.P.s Margaret Rutherford
28%
1949 All the King's Men Mercedes McCambridge
28%
1972 Butterflies Are Free Eileen Heckart
25%
1948 Key Largo Claire Trevor
24%
1956 Written on the Wind Dorothy Malone
24%
1957 Sayonara Miyoshi Umeki
24%
1945 National Velvet Anne Revere
23%
1938 Jezebel Fay Bainter
23%
1936 Anthony Adverse Gale Sondergaard
23%
1964 Zorba the Greek Lila Kedrova
23%
1940 The Grapes of Wrath Jane Darwell
22%
1950 Harvey Josephine Hull
22%
1941 The Great Lie Mary Astor
22%
1943 For Whom the Bell Tolls Katina Paxinou
21%
1937 In Old Chicago Alice Brady
20%
1952 The Bad and the Beautiful Gloria Grahame
20%
1955 East of Eden Jo Van Fleet
18%
1944 None but the Lonely Heart Ethel Barrymore
12%
No matching quizzes found
Score Distribution
Percent of People with Each Score
Percentile by Number Answered
Your Score History
You have not taken this quiz since the last reset